| 000 | 00667nam a22001937a 4500 | ||
|---|---|---|---|
| 999 |
_c525646 _d525646 |
||
| 003 | NUST | ||
| 005 | 20190703105359.0 | ||
| 008 | 190703b ||||| |||| 00| 0 eng d | ||
| 038 | _aMr.Zahoor | ||
| 082 | _a628.142 | ||
| 100 |
_aZafar, Haseeb _916577 |
||
| 245 |
_aApplication of Semi-Distributed model for Hydrological Assessment under Changing Climate-A Case study of Panjkora River Catchment / _cHaseeb Zafar |
||
| 260 |
_aIslamabad : _bSCEE - NUST, _c2019. |
||
| 300 |
_axix, 69 p. : ill. ; _c30cm. |
||
| 500 | _aHardcover. | ||
| 650 |
_aWater Resources Engineering and Management - Ms Thesis _916567 |
||
| 700 |
_aDr. Shakil Ahmad _916568 |
||
| 942 |
_2ddc _cTHE |
||